000
00332cam a2200157ua 4500
001
5002
008
151111n II |||gr||||Z||||||eng
040
_a
MAIN
041
_a
English
082
_a
342.02 SEN
100
_a
SEN.
245
_a
STUDIES IN MODERN CONSTITUTIONS
653
_a
CONSTITUTIONS
700
_a
DAS.
942
_c
BK
999
_c
4989
_d
4989